[Event "POL-chT3 Kujawsko Pomorskie 1314"]
[Site "Poland"]
[Date "2013.??.??"]
[Round "1.21"]
[White "Gryniakow, Jaroslaw"]
[Black "Gawronski, Miroslaw"]
[Result "0-1"]
[WhiteElo "2208"]
[BlackElo "2115"]
[PlyCount "172"]
[EventDate "2013.11.03"]
[EventType "team-tourn"]
[EventRounds "11"]
[EventCountry "POL"]
[SourceTitle "EXT 2015"]
[Source "ChessBase"]
[SourceDate "2014.11.20"]
[SourceVersion "1"]
[SourceVersionDate "2014.11.20"]
[SourceQuality "1"]
[WhiteTeam "Torun Torfarm 64"]
[BlackTeam "Inowroclaw OSiR Pozkal"]
[WhiteTeamCountry "POL"]
[BlackTeamCountry "POL"]

1. d4 d5 2. c4 dxc4 3. e4 b5 4. a4 Bb7 5. axb5 Bxe4 6. Nc3 Bb7 7. Nf3 Nf6 8. Bxc4 e6 9. 0-0 Be7 10. Ne5 0-0 11. Re1 a6 12. Be3 axb5 13. Rxa8 Bxa8 14. Bxb5 c6 15. Be2 Nbd7 16. Nd3 Nb6 17. Na4 Nxa4 18. Qxa4 Nd5 19. Bf3 Qb6 20. Ra1 Bb7 21. Qc4 Rd8 22. Bd2 Rc8 23. b4 Bf6 24. Ne5 h6 25. Qc5 Qc7 26. Ra7 Ra8 27. Rxa8+ Bxa8 28. Bxd5 exd5 29. Nd3 Qb7 30. Qc3 Qb5 31. Nc5 Bb7 32. Nd7 Be7 33. h3 Ba6 34. Qg3 Kh7 35. Qf4 Kg8 36. Ne5 Bf6 37. Nd7 Bg5 38. Qb8+ Qxb8 39. Nxb8 Bb5 40. Bxg5 hxg5 41. Nd7 f6 42. g3 Kf7 43. Nc5 Be2 44. f4 gxf4 45. gxf4 Bh5 46. Kf2 Ke7 47. f5 Kd6 48. Ke3 Bd1 49. Kd2 Bh5 50. Ke3 Ke7 51. Nd3 Bd1 52. Kd2 Bf3 53. Ke3 Be4 54. h4 Bxf5 55. Nc5 g5 56. hxg5 fxg5 57. Na4 Kd6 58. Nc3 Bd7 59. Ne2 Ke6 60. Ng3 Kf6 61. Kf3 Bf5 62. Ke3 Bg4 63. Kf2 Ke6 64. Ke3 Kd6 65. Kd3 Kc7 66. Nf1 Kb6 67. Ne3 Bf3 68. Nf1 Kb5 69. Kc3 Ka4 70. Ng3 Ka3 71. Nf5 Be2 72. Ne3 Bb5 73. Ng4 Ba4 74. Ne3 Ka2 75. Ng4 Kb1 76. Ne5 Bb5 77. Kd2 Kb2 78. Nf7 g4 79. Ke3 Kc3 80. Ng5 Kxb4 81. Ne6 Ba6 82. Nd8 Kb5 83. Nf7 c5 84. Kf4 cxd4 85. Kxg4 Kc4 86. Ne5+ Kc3 0-1

[Event "POL-chT3 1112"]
[Site "Poland"]
[Date "2011.12.11"]
[Round "3.13"]
[White "Gryniakow, Jaroslaw"]
[Black "Szmidt, Przemyslaw"]
[Result "1-0"]
[WhiteElo "2218"]
[BlackElo "2015"]
[PlyCount "43"]
[EventDate "2011.11.06"]
[EventType "team-tourn"]
[EventRounds "11"]
[EventCountry "POL"]
[SourceTitle "EXT 2015"]
[Source "ChessBase"]
[SourceDate "2014.11.20"]
[SourceVersion "1"]
[SourceVersionDate "2014.11.20"]
[SourceQuality "1"]
[WhiteTeam "Torun Torfarm 64"]
[BlackTeam "Swiecie Gambit"]
[WhiteTeamCountry "POL"]
[BlackTeamCountry "POL"]

1. d4 c5 2. d5 e5 3. e4 d6 4. Nc3 Nf6 5. f4 Bg4 6. Be2 Bxe2 7. Qxe2 Nbd7 8. Nf3 a6 9. fxe5 dxe5 10. a4 Bd6 11. 0-0 0-0 12. Nd2 Ne8 13. Nc4 Nb6 14. Ne3 Be7 15. Nf5 Nd6 16. Qg4 Nxf5 17. Rxf5 Qd7 18. Bh6 Bf6 19. Qg3 Kh8 20. Rxf6 Rg8 21. Rxb6 gxh6 22. Qxe5+ 1-0

[Event "POL-chT3 Kujawsko Pomorskie 1011"]
[Site "Poland"]
[Date "2011.02.27"]
[Round "7.7"]
[White "Gryniakow, Jaroslaw"]
[Black "Krainski, Aleksander"]
[Result "1-0"]
[WhiteElo "2211"]
[BlackElo "2260"]
[PlyCount "85"]
[EventDate "2010.11.07"]
[EventType "team-tourn"]
[EventRounds "11"]
[EventCountry "POL"]
[SourceTitle "EXT 2019"]
[Source "ChessBase"]
[SourceDate "2018.10.10"]
[SourceVersion "1"]
[SourceVersionDate "2018.10.10"]
[SourceQuality "1"]

1. d4 d5 2. c4 e6 3. Nc3 Nf6 4. Nf3 Be7 5. Bf4 0-0 6. e3 c5 7. dxc5 Bxc5 8. a3 Nc6 9. Qc2 Qa5 10. 0-0-0 Be7 11. h4 dxc4 12. Bxc4 e5 13. Bg5 Bg4 14. Bxf6 Bxf6 15. Ng5 g6 16. Rd6 Bf5 17. e4 Nd4 18. Qd3 Bxg5+ 19. hxg5 Be6 20. Bxe6 Nxe6 21. Qg3 Rad8 22. Rd5 Qb6 23. Qh4 h5 24. gxh6 Nf4 25. h7+ Kh8 26. Rb5 Qc6 27. Kb1 f6 28. g3 Nd3 29. f4 Nxb2 30. Rxb2 Qxc3 31. fxe5 Qxe5 32. Qf4 Qe7 33. Re1 Rd4 34. Qf3 b6 35. g4 Qe5 36. Rg2 Re8 37. Rge2 Red8 38. Rf2 R8d6 39. g5 f5 40. Qb3 Re6 41. Rc2 Rxe4 42. Rc8+ Kxh7 43. Qh3+ 1-0

[Event "POL-chT 2st League"]
[Site "Mrzezyno"]
[Date "2010.09.04"]
[Round "1.13"]
[White "Mulet, Piotr"]
[Black "Gryniakow, Jaroslaw"]
[Result "1-0"]
[WhiteElo "2313"]
[BlackElo "2220"]
[PlyCount "81"]
[EventDate "2010.09.04"]
[EventType "team-swiss"]
[EventRounds "9"]
[EventCountry "POL"]
[SourceTitle "EXT 2019"]
[Source "ChessBase"]
[SourceDate "2018.10.10"]
[SourceVersion "1"]
[SourceVersionDate "2018.10.10"]
[SourceQuality "1"]
[WhiteTeam "Pawlowice GKS Pniowek 74"]
[BlackTeam "Klub Szachowy Torfarm 64"]
[WhiteTeamCountry "POL"]
[BlackTeamCountry "POL"]

1. e4 c5 2. c3 e6 3. d4 d5 4. exd5 Qxd5 5. Nf3 Nc6 6. Na3 Bd7 7. Be3 cxd4 8. Nb5 Rc8 9. Nfxd4 Nxd4 10. Qxd4 Qxd4 11. Bxd4 a6 12. Nd6+ Bxd6 13. Bxg7 f6 14. Bxh8 Be7 15. Rd1 Rc5 16. Bd3 Bc6 17. 0-0 Rg5 18. g3 Nh6 19. Rfe1 Rg8 20. Bxf6 Bxf6 21. Rxe6+ Kf7 22. Rxc6 bxc6 23. Bc4+ Ke7 24. Re1+ Kd7 25. Be6+ Kd8 26. Bxg8 Nxg8 27. Re4 Bg5 28. f4 Be7 29. Ra4 Nf6 30. Rxa6 Bc5+ 31. Kg2 Kd7 32. Kf3 h5 33. Ra8 Ke6 34. h3 Bd6 35. c4 Nd7 36. Rh8 Nc5 37. Rxh5 Nd3 38. b3 Bb4 39. Rh6+ Kd7 40. h4 Ke8 41. Rh5 1-0

[Event "POL-chT 2nd League"]
[Site "Miedzyzdroje"]
[Date "2009.09.13"]
[Round "2"]
[White "Sygulski, Boguslaw"]
[Black "Gryniakow, Jaroslaw"]
[Result "1-0"]
[WhiteElo "2239"]
[BlackElo "2215"]
[PlyCount "83"]
[EventDate "2009.09.12"]
[EventType "team-swiss"]
[EventRounds "9"]
[EventCountry "POL"]
[SourceTitle "EXT 2019"]
[Source "ChessBase"]
[SourceDate "2018.10.10"]
[SourceVersion "1"]
[SourceVersionDate "2018.10.10"]
[SourceQuality "1"]
[WhiteTeam "Pilzno GKSz Hetman"]
[BlackTeam "Torun Torfarm 64"]
[WhiteTeamCountry "POL"]
[BlackTeamCountry "POL"]

1. e4 c5 2. Nf3 Nc6 3. d4 cxd4 4. Nxd4 Nf6 5. Nc3 e5 6. Ndb5 d6 7. Bg5 a6 8. Na3 b5 9. Bxf6 gxf6 10. Nd5 Bg7 11. c3 f5 12. exf5 Bxf5 13. Nc2 0-0 14. Nce3 Be6 15. Bd3 f5 16. 0-0 Ra7 17. a4 Ne7 18. Nxe7+ Rxe7 19. axb5 axb5 20. Bxb5 d5 21. Ra6 Kh8 22. Qa4 f4 23. Nc2 d4 24. cxd4 f3 25. g3 exd4 26. Re1 Bf5 27. Rxe7 Qxe7 28. Ra8 d3 29. Rxf8+ Qxf8 30. Ne1 d2 31. Nxf3 Qd8 32. Nxd2 Bxb2 33. Nf3 Qc8 34. Bc6 Bf6 35. h4 Qe6 36. Qb4 Be7 37. Qf4 Bg6 38. Bb5 Kg7 39. Bd3 Be8 40. Be4 h6 41. Nd4 Qf6 42. Nf5+ 1-0

[Event "POL-chT3 Kujawsko Pomorskie 0809"]
[Site "Poland"]
[Date "2008.12.07"]
[Round "3.21"]
[White "Szczesniak, Andrzej"]
[Black "Gryniakow, Jaroslaw"]
[Result "0-1"]
[WhiteElo "2098"]
[BlackElo "2209"]
[PlyCount "60"]
[EventDate "2008.11.09"]
[EventType "team-tourn"]
[EventRounds "11"]
[EventCountry "POL"]
[SourceTitle "EXT 2019"]
[Source "ChessBase"]
[SourceDate "2018.10.10"]
[SourceVersion "1"]
[SourceVersionDate "2018.10.10"]
[SourceQuality "1"]

1. e4 c5 2. c3 e6 3. Nf3 d5 4. exd5 exd5 5. d4 Nf6 6. Bb5+ Bd7 7. Bxd7+ Nbxd7 8. 0-0 Be7 9. dxc5 Nxc5 10. Nd4 Qd7 11. Qf3 0-0 12. Nf5 Rfe8 13. Rd1 Bf8 14. Be3 Re5 15. Ng3 Rae8 16. Nd2 b6 17. Bd4 R5e6 18. Ndf1 Qb5 19. Nf5 Nce4 20. Rab1 g6 21. N5e3 Bc5 22. Nc2 Qa4 23. Nfe3 Bxd4 24. Nxd4 Re5 25. a3 Kg7 26. Ng4 Nxg4 27. Qxg4 h5 28. Qf4 Nxc3 29. b3 Nxd1 30. Rxd1 Re1+ 0-1

[Event "POL-chT3 Kujawsko Pomorskie 0708"]
[Site "Poland"]
[Date "2008.01.13"]
[Round "5.32"]
[White "Gryniakow, Jaroslaw"]
[Black "Jaroch, Karol"]
[Result "0-1"]
[WhiteElo "2255"]
[BlackElo "2123"]
[PlyCount "84"]
[EventDate "2007.11.04"]
[EventType "team-tourn"]
[EventRounds "11"]
[EventCountry "POL"]
[SourceTitle "EXT 2019"]
[Source "ChessBase"]
[SourceDate "2018.10.10"]
[SourceVersion "1"]
[SourceVersionDate "2018.10.10"]
[SourceQuality "1"]

1. d4 e6 2. c4 f5 3. Nc3 Nf6 4. e3 b6 5. f4 Bb7 6. Nf3 Be7 7. Be2 0-0 8. 0-0 Qe8 9. a3 h6 10. b4 Ne4 11. Nxe4 Bxe4 12. Bb2 Bf6 13. Qb3 d6 14. Rac1 Nd7 15. Nd2 Bb7 16. c5 bxc5 17. dxc5 Bd5 18. Bc4 Bxb2 19. Qxb2 dxc5 20. Bxd5 exd5 21. Rfe1 c4 22. Qd4 Qe6 23. Nf3 a5 24. b5 a4 25. Rcd1 Nf6 26. Ne5 Rfb8 27. Rb1 Rb6 28. Rb4 Ra5 29. Reb1 Ra8 30. h3 Ne4 31. Kh2 g5 32. g4 Rd6 33. Rg1 Kh7 34. Rb2 fxg4 35. hxg4 gxf4 36. g5 Nxg5 37. Rxg5 hxg5 38. Kg1 Qf6 39. Rh2+ Kg8 40. exf4 Rf8 41. Rf2 Rf7 42. Kf1 Qe6 0-1

[Event "POL-chT3 0607"]
[Site "Poland"]
[Date "2007.02.18"]
[Round "8.26"]
[White "Mazalon, Mariusz"]
[Black "Gryniakow, Jaroslaw"]
[Result "0-1"]
[WhiteElo "2145"]
[BlackElo "2256"]
[PlyCount "58"]
[EventDate "2006.11.12"]
[EventType "team"]
[EventRounds "11"]
[EventCountry "POL"]
[SourceTitle "EXT 2009"]
[Source "ChessBase"]
[SourceDate "2008.11.26"]
[SourceVersion "1"]
[SourceVersionDate "2008.11.26"]
[SourceQuality "1"]

1. d4 g6 2. c4 Bg7 3. Nf3 d6 4. e4 Bg4 5. Be2 Nc6 6. Be3 e5 7. d5 Bxf3 8. Bxf3 Nd4 9. Nc3 c5 10. dxc6 bxc6 11. 0-0 Ne7 12. b4 0-0 13. Rb1 Qd7 14. Bxd4 exd4 15. Ne2 c5 16. Nf4 cxb4 17. Rxb4 Rab8 18. Ra4 Nc6 19. Bg4 Qb7 20. Nd5 Rfe8 21. Re1 Ne5 22. Bh3 Qc6 23. Rxa7 Qxc4 24. g3 Qc5 25. Rc7 Qa3 26. Bf1 Rb2 27. Bc4 Nxc4 28. Rxc4 Qxa2 29. Qf3 Qxc4 0-1

[Event "POL-chT3 0607"]
[Site "Poland"]
[Date "2007.01.28"]
[Round "6.32"]
[White "Ziolkowski, Dawid"]
[Black "Gryniakow, Jaroslaw"]
[Result "1/2-1/2"]
[WhiteElo "2214"]
[BlackElo "2256"]
[PlyCount "78"]
[EventDate "2006.11.12"]
[EventType "team"]
[EventRounds "11"]
[EventCountry "POL"]
[SourceTitle "EXT 2009"]
[Source "ChessBase"]
[SourceDate "2008.11.26"]
[SourceVersion "1"]
[SourceVersionDate "2008.11.26"]
[SourceQuality "1"]

1. e4 c5 2. Nf3 Nc6 3. d4 cxd4 4. Nxd4 e5 5. Nb5 d6 6. c4 Be7 7. Be2 Nf6 8. N1c3 a6 9. Na3 Be6 10. Nc2 Rc8 11. Qd2 0-0 12. 0-0 Qd7 13. b3 Bd8 14. Ba3 Bb6 15. Qxd6 Qxd6 16. Bxd6 Rfd8 17. Rad1 Nd4 18. Nxd4 exd4 19. Na4 Rxd6 20. e5 Rdc6 21. exf6 Ba7 22. fxg7 Kxg7 23. Bf3 R6c7 24. c5 Rd8 25. Rd2 Bf5 26. Re1 Rcd7 27. Kf1 Kf6 28. h4 Rc8 29. g4 Be6 30. g5+ Kg7 31. Re5 h6 32. gxh6+ Kxh6 33. Ke2 Kg6 34. Kd3 Kf6 35. Rh5 Rg8 36. Be4 Ke7 37. Rg5 Rh8 38. h5 Kf6 39. f4 Bb8 1/2-1/2

[Event "Nachod op"]
[Site "Nachod"]
[Date "2006.07.03"]
[Round "3"]
[White "Sikorski, Dariusz"]
[Black "Gryniakow, Jaroslaw"]
[Result "1/2-1/2"]
[WhiteElo "2056"]
[BlackElo "2281"]
[PlyCount "20"]
[EventDate "2006.07.01"]
[EventType "swiss"]
[EventRounds "9"]
[EventCountry "CZE"]
[SourceTitle "CBM 113 Extra"]
[Source "ChessBase"]
[SourceDate "2006.09.14"]
[SourceVersion "1"]
[SourceVersionDate "2006.09.14"]
[SourceQuality "1"]

1. d4 d5 2. Nf3 Nf6 3. c4 e6 4. Nc3 Be7 5. Bf4 0-0 6. e3 c5 7. dxc5 Bxc5 8. a3 dxc4 9. Qxd8 Rxd8 10. Bxc4 Nc6 1/2-1/2